000 00693 a2200169 4500
003 Nust
005 20221108095026.0
040 _cNust
082 _a511.322,YAH
100 _aYahya S.M
245 _aIntroductory set topology /
_cS.M. Yahya
260 _aKarachi
_bThe Times press
_c1969.
300 _a216:p
505 _aIntroduction (Page-1), Theory of Sets (Page-6), Topological Space (Page-38), Metric Space (Page-54), Interior, Exterior and Boundary (page-80),Bases and Sub base (page-100),Continuity and Homeomorphism (Page-113), Sub Space and Relative Topologies (Page-132), Some Special (Page-145).
650 _aIntroductory Set Topology
_9102455
942 _2ddc
_cBK
_k511.322,YAH
999 _c181835
_d181835